00000000nam##2200000za#4500
0019.642742
003CaOODSP
00520210624223840
007cr |||||||||||
008150407|2007||||xxc|||||o    f|0| 0 fre|d
040 |aCaOODSP|bfre
043 |an-cn---
0861 |aCW66-364/2007F-PDF
1102 |aService canadien de la faune.
24510|aProtocoles recommandés pour la surveillance des impacts des éoliennes sur les oiseaux |h[ressource électronique]
24617|aÉoliennes et oiseaux - protocoles de surveillance
260 |aGatineau - Québec : |bEnvironnement Canada. |cAvril 2007.
300 |a41p.
590 |a14-01-Supp|b2014-01-07
69107|aÉnergie éolienne|2gcpds
69107|aOiseau|2gcpds
69107|aOiseau migrateur|2gcpds
77508|tRecommended protocols for monitoring impacts of wind turbines on birds |w(CaOODSP)9.698742
85640|ahttp://publications.gc.ca|qPDF|s267 Ko|uhttps://publications.gc.ca/collections/collection_2013/ec/CW66-364-2007-fra.pdf